Statistics for Word Chain - Songs #2

Click here to take the quiz!

General Stats

  • This quiz has been taken 117 times
  • The average score is 9 of 23

Answer Stats

Artist Hint Song % Correct
Amy WinehouseShe thought she'd manage just fineRehab
75%
Elvis PresleyHe's very enthusiastic about his footwearBlue Suede Shoes
71%
MacklemoreHe's shopping in a charity shopThrift Shop
67%
SurvivorHe's describing his will to surviveEye of the Tiger
65%
Lady GagaShe's informing a guy that she's his stalkerPaparazzi
58%
Bruno MarsHe's decided not to do anything todayLazy Song
58%
The PoliceHe'll be watching her no matter whatEvery Breath You Take
55%
Nicki MinajOh my gosh, look at her buttAnaconda
55%
NirvanaHello, hello, helloSmells Like Teen Spirit
51%
One DirectionHer hair gets him overwhelmedWhat Makes You Beautiful
51%
Jason MrazHe's informing a girl that he belongs to herI'm Yours
47%
Leonard CohenYour throne is broken and your hair is cutHallelujah
38%
Meghan TrainorBe assertive, girlsNo
36%
Jennifer LopezShe's a party person and Pitbull knows itOn the Floor
34%
Shawn MendesHe gets sick when he finds himself without herStitches
33%
Red Hot Chili PeppersHey Oh, it's so white beneath the cover of a perfect wonderSnow
30%
Maroon 5He's the beast of prey today, she's the preyAnimals
29%
The Rolling StonesHe's overwhelmed, annoyed and discontentSatisfaction
25%
Katy PerryAnother one in the basket or casketSwish Swish
25%
Sean PaulIn the cold times, he'll keep the girls warmTemperature
19%
Daddy YankeeShe wants moreGasolina
12%
Emeli SandéCome on, we're all wonderful, wonderful people.Read All About It
12%
Pink FloyedEverything used to be betterHigh Hopes
0%

Score Distribution

Percentile by Number Answered

Percent of People with Each Score

Your Score History

You have not taken this quiz